000
00323nam a22001457a 4500
008
210303b ||||| |||| 00| 0 eng d
020
_a
9780131118263
041
_a
eng
080
_2
7th
_a
004
082
_a
004
100
_a
28
101
_a
SHKI
245
_a
Java Advanced Features
_c
Horstmann, C. S
942
_2
udc
_c
BK
999
_c
55576
_d
55576